<?xml version="1.0" encoding="UTF-8"?>
<collection xmlns:xsi="http://www.w3.org/2001/XMLSchema-instance" xsi:schemaLocation="http://www.loc.gov/MARC21/slim http://www.loc.gov/standards/marcxml/schema/MARC21slim.xsd" xmlns="http://www.loc.gov/MARC21/slim">
 <record>
  <leader>00000nam a22000007i 4500</leader>
  <controlfield tag="001">UP-1685954869149790247</controlfield>
  <controlfield tag="003">Buklod</controlfield>
  <controlfield tag="005">20240326132749.0</controlfield>
  <controlfield tag="006">m    |o  d |      </controlfield>
  <controlfield tag="007">ta</controlfield>
  <controlfield tag="008">240318s2021    enk     r   b 001 0 eng d</controlfield>
  <datafield tag="020" ind1=" " ind2=" ">
   <subfield code="a">9781801176019</subfield>
   <subfield code="a">(hardback)</subfield>
  </datafield>
  <datafield tag="035" ind1=" " ind2=" ">
   <subfield code="a">22416734</subfield>
  </datafield>
  <datafield tag="037" ind1=" " ind2=" ">
   <subfield code="a">CHK-6341</subfield>
   <subfield code="b">NSGB Books Trading</subfield>
   <subfield code="c">Php4895.00</subfield>
  </datafield>
  <datafield tag="040" ind1=" " ind2=" ">
   <subfield code="a">DLC</subfield>
   <subfield code="d">DCHK</subfield>
   <subfield code="e">rda</subfield>
  </datafield>
  <datafield tag="041" ind1=" " ind2=" ">
   <subfield code="a">eng</subfield>
  </datafield>
  <datafield tag="090" ind1=" " ind2=" ">
   <subfield code="a">GV 14.45</subfield>
   <subfield code="b">S74 2021</subfield>
  </datafield>
  <datafield tag="100" ind1="1" ind2=" ">
   <subfield code="a">Stebbins, Robert A.</subfield>
   <subfield code="d">1938-</subfield>
   <subfield code="e">author</subfield>
  </datafield>
  <datafield tag="245" ind1="1" ind2="0">
   <subfield code="a">Leisure lifestyles</subfield>
   <subfield code="b">organizing everyday life for fun and fulfillment</subfield>
   <subfield code="c">Robert A. Stebbins.</subfield>
  </datafield>
  <datafield tag="250" ind1=" " ind2=" ">
   <subfield code="a">First edition.</subfield>
  </datafield>
  <datafield tag="264" ind1=" " ind2="1">
   <subfield code="a">Bingley, United Kingdom</subfield>
   <subfield code="b">Emerald Publishing</subfield>
   <subfield code="c">2021</subfield>
  </datafield>
  <datafield tag="300" ind1=" " ind2=" ">
   <subfield code="a">ix, 91 pages</subfield>
   <subfield code="c">24 cm</subfield>
  </datafield>
  <datafield tag="336" ind1=" " ind2=" ">
   <subfield code="a">text</subfield>
   <subfield code="2">rdacontent</subfield>
  </datafield>
  <datafield tag="337" ind1=" " ind2=" ">
   <subfield code="a">unmediated</subfield>
   <subfield code="2">rdamedia</subfield>
  </datafield>
  <datafield tag="338" ind1=" " ind2=" ">
   <subfield code="a">volume</subfield>
   <subfield code="2">rdacarrier</subfield>
  </datafield>
  <datafield tag="504" ind1=" " ind2=" ">
   <subfield code="a">Includes bibliographical references (pages 77-86) and indexes</subfield>
  </datafield>
  <datafield tag="505" ind1="0" ind2="0">
   <subfield code="a">1. Leisure lifestyle theory and research -- 2. Time, space, and the leisure lifestyle -- 3. Routine shared hedonism -- 4. Casual leisure lifestyles -- 5. Lifestyles in the serious pursuits -- 6. Conclusions</subfield>
  </datafield>
  <datafield tag="520" ind1=" " ind2=" ">
   <subfield code="a">Acknowledging that the challenge facing social science is how to inject some order into the common-sense notion of leisure lifestyle, this book, written by a major player in the field of leisure, considers how to turn the study of both serious and casual leisure into a useful concept for guiding research. Developing the common-sense notion that lifestyles have time and space dimensions, Stebbins delves into distinctive leisure lifestyles which occur around particular free-time activities such as the serious ones where participants must routinely train, practice, rehearse, gather information, and those that are casual such as bingo, lunches with colleagues, and outings of small walking groups. Demonstrating the nuances of each, and analysing how serious activities are structured along the lines of the social world in which every lifestyle is embedded, this book revolutionises the idea of leisure lifestyle, turning it into a workable concept for guiding reseach, while also enriching our understanding of what it means. Striving to meet the test of a critical challenge in the field, this book is a refreshing new addition to the work on leisure, from a highly-respected and established scholar</subfield>
  </datafield>
  <datafield tag="650" ind1=" " ind2="0">
   <subfield code="a">Leisure</subfield>
   <subfield code="x">Social aspects.</subfield>
  </datafield>
  <datafield tag="905" ind1=" " ind2=" ">
   <subfield code="a">FO</subfield>
  </datafield>
  <datafield tag="852" ind1="0" ind2=" ">
   <subfield code="a">UPD</subfield>
   <subfield code="b">DCHK</subfield>
   <subfield code="h">GV 14.45</subfield>
   <subfield code="i">S74 2021</subfield>
  </datafield>
  <datafield tag="942" ind1=" " ind2=" ">
   <subfield code="a">Book</subfield>
  </datafield>
 </record>
</collection>
